Les satellites naturels du système solaire - Statistiques

Statistiques générales
  • Ce quiz a été pris 114 fois
  • Le résultat moyen est 5 sur 8
Statistiques - réponses
Planètes Nombres de satellites naturels % Correct
Terre 1
100%
Mars 2
95%
Mercure 0
93%
Vénus 0
93%
Neptune 14
35%
Uranus 27
33%
Jupiter 79
27%
Saturne 82
21%
Aucun quiz correspondant
Distribution des résultats
% des personnes avec chaque résultat
Percentile par nombre de réponses
Votre historique - résultats
Vous n’avez pas pris ce quiz